As you like it

Bibliographic Details
Main Author: Shakespeare, William
Format: Book
Published: London : Routledge , 1993
Series:The Arden Shakespeare
Subjects:

MARC

LEADER 00000cam a2200000 7i4500
001 0000001671
002 000001821
005 20000330.0
020 |a 0415026814 
090 0 0 |a 822.33   |b SHA 
100 1 |a Shakespeare, William 
245 1 3 |a As you like it   |c William Shakespeare ; by edited agnes Latham 
260 |a London :   |b Routledge ,   |c 1993 
300 |a 135p. ;   |c 20cm. 
490 0 |a The Arden Shakespeare 
650 0 0 |a As you like it   |c Drama 
999 |a 034073   |b BUKU   |c PINJAMAN   |e PERPUSTAKAAN KOMUNITI PETALING JAYA